000 00600nam a2200205Ia 4500
003 OSt
005 20230405104018.0
008 210423s2007 xx 000 0 und d
020 _a8130904462
040 _cAL
041 _aeng
082 _a809.935 BLOH
100 _aBLOOM (Harold),Ed.
_983115
245 _aViva blooms notes Joseph Conrads heart of darkness and the secret sharer.
260 _aNew Delhi
_bViva Books Pvt Ltd
_c2007
300 _a95
_bPB
365 _b70
_cINR
906 _ablooms ; Conrads ; darkness ; heart ; Joseph ; notes ; secret ; sharer. ; Viva
942 _2ddc
_cBK
999 _c158086
_d158086